|
|
|
|
| LEADER |
00803ncm a22002172a 4500 |
| 001 |
001185625 |
| 003 |
CZ BrMZK |
| 005 |
20111212134222.0 |
| 007 |
qu |
| 008 |
111212s1924 xr |||||||||||||||||zxx d |
| 040 |
|
|
|a BOA001
|b cze
|
| 072 |
|
7 |
|a 786
|x Hudba pro klávesové nástroje
|2 Konspekt
|9 9
|
| 100 |
1 |
|
|a Matějovec, Karel,
|d 1889-1963
|7 jk01080678
|4 cmp
|
| 245 |
1 |
0 |
|a Zimní pohádka
|h [hudebnina] :
|b taneční rej pro žákyně a žáky /
|c Karel Matějovec
|
| 260 |
|
|
|a Praha :
|b Besední pořady,
|c [1924?]
|
| 300 |
|
|
|a 9 s.
|
| 910 |
|
|
|a BOA001
|b Mus4-0294.229
|
| 990 |
|
|
|a MU
|
| 991 |
|
|
|b 201112
|
| 996 |
6 |
|
|b 2619565333
|c Mus4-0294.229
|l MZK
|r Sklad / do 1 hodiny
|n 0
|w 001219188
|u 000020
|a 1
|e BOA001
|j MZK50
|s P
|
| 996 |
7 |
|
|b 2619565334
|c Mus4-0294.229
|l MZK
|r Sklad / do 1 hodiny
|n 0
|w 001219188
|u 000010
|a 1
|e BOA001
|j MZK50
|s A
|